| 000 | 00888nam a2200241Ia 4500 | ||
|---|---|---|---|
| 003 | OSt | ||
| 005 | 20220923221124.0 | ||
| 006 | a|||||r|||| 00| 0 | ||
| 007 | ta | ||
| 008 | 220922b |||||||| |||| 00| 0 hin d | ||
| 024 | _a195,433 | ||
| 037 | _cTextual | ||
| 040 |
_aARTS _cARTS _bhin |
||
| 041 |
_2hin _ahin |
||
| 082 | _aR3xM3, 152L3 | ||
| 100 | _aरूबिचेक, पॉल | ||
| 245 | 0 | _aअस्तित्ववाद* पक्ष औेर विपक्ष, प्रभाकर माचवे अनु | |
| 246 | _aAstitvavāda: pakṣha auer vipakṣha, prabhākar māchave anu0 | ||
| 260 |
_aभोपाल _b मध्यप्रदेश हिन्दी ग्रंथ अकादमी _c1973 |
||
| 300 |
_a182पृ. _ccm. |
||
| 942 |
_hR3xM3, 152L3 _cTEXL _2CC |
||
| 999 |
_c347643 _d347643 |
||